Мауглі (Запис № 9021)
[ простий вигляд ]
| 000 -Маркер запису | |
|---|---|
| Контрольне поле сталої довжини | 01758nam a22002777a 4500 |
| 003 - Належність контрольного номера | |
| Контрольне поле | Uzh_bibl |
| 008 - Кодовані дані | |
| Контрольне поле сталої довжини | 240304b |||||||| |||| 00| 0 ukr d |
| 020 ## - Індекс ISBN | |
| ISBN | 966-8114-46-9 |
| Ціна | 34 грн. |
| 040 ## - Джерело каталогіз. | |
| Код мови каталог. | укр. |
| 041 ## - Код мови видання | |
| Код мови оригіналу | англійська |
| Код мови тексту | українська |
| 080 ## - Індекс УДК | |
| Індекс УДК | 821.161.1 |
| 090 ## - Шифри | |
| Поличний індекс | 821.161.1 |
| Авторський знак | К42 |
| 100 ## - Автор | |
| Автор | Кіплінг, Редьярд |
| 245 ## - Назва | |
| Назва | Мауглі |
| Продовж. назви | Тарзан |
| Відповідальність | пер. І. Базилянська |
| Фізичний носій | Текст |
| 260 ## - Вихідні дані | |
| Місце видання | Харків |
| Видавництво | ВД "ШКОЛА" |
| Дата видання | 2009 р. |
| 300 ## - Фізичний опис | |
| Обсяг | 496 с. |
| Ілл./тип відтвор. | іл. |
| Тип одиниці | В опр. |
| 490 ## - Серія | |
| Назва серії | Золота серія "Бібліотека пригод" |
| 520 ## - Анотація | |
| Анотація | Упродовж століть збереглася популярність письменників Р. Кіплінга та Е. Бероуза, яких об'єднали в цій книзі їхні герої - Мауглі і Тарзан. Тісно переплітаються надзвичайні історії життя хлопчиків: обидва виросли у джунгля серед диких звірів, обидва не просто вижили, а стали сильними, мужніми, розумними людьми, здатними захищати добро і протистояти злу, втілюючи в собі переваги природи та надбання цивілізації. |
| 521 ## - Примітка про цільове призначення | |
| Примітка про цільове призначення | Для широкого кола читачів. |
| 546 ## - Примітка про мову | |
| Примітка про мову | укр. |
| 650 ## - Тематичні рубрики | |
| Основна рубрика | Літературно-художнє видання |
| 653 ## - Ключові слова | |
| Ключові слова | Брати Мауглі |
| -- | Полювання Каа |
| -- | У морі |
| -- | Хлопчик |
| -- | Джунглі |
| -- | Тварини |
| 655 ## - Термін індексування — жанр/форма | |
| Жанр/форма | Пригоди |
| Типове ділення | Оповідання |
| 700 ## - Інші автори | |
| Інші автори | Берроуз, Е. |
| 942 ## - ADDED ENTRY ELEMENTS (KOHA) | |
| Джерело класифікації чи схема поличного розташування | |
| Koha item type | Книги |
| Статус вилучення | Статус втрати/відсутності | Джерело класифікації чи схема поличного розташування | Статус пошкодження | Тип обігу (не для випозичання) | Постійне розташування | Поточне розташування | Розташування у відділі | Дата надходження | Інвентарний номер | Total Checkouts | Повний (примірниковий) шифр зберігання | Штрих-код | Date last seen | Дата, для якої чинна ціна заміни | Тип одиниці (рівень примірника) |
|---|---|---|---|---|---|---|---|---|---|---|---|---|---|---|---|
| Бібліотека-філія №2 | Бібліотека-філія №2 | Абонемент молодший відділ | 04/03/2024 | 63061 | 821.161.1 | 9656 | 04/03/2024 | 04/03/2024 | Книги |